UM Logo

Pasko sa 'pinas / (Record no. 22153)

MARC details
000 -LEADER
fixed length control field 00453nam a22001337a 4500
005 - DATE AND TIME OF LATEST TRANSACTION
control field 20241003110043.0
008 - FIXED-LENGTH DATA ELEMENTS--GENERAL INFORMATION
fixed length control field 241003b |||||||| |||| 00| 0 eng d
100 ## - MAIN ENTRY--PERSONAL NAME
Personal name Bugarin, Randy B.
Relator term author.
9 (RLIN) 62119
245 ## - TITLE STATEMENT
Title Pasko sa 'pinas /
Statement of responsibility, etc. Randy B. Bugarin.
260 ## - PUBLICATION, DISTRIBUTION, ETC. (IMPRINT)
Place of publication, distribution, etc. Philippines:
Name of publisher, distributor, etc. Publishers Association of the Philippines, Inc.,
Date of publication, distribution, etc. December 2018.
300 ## - PHYSICAL DESCRIPTION
Extent Volume 66, pages 279.
700 ## - ADDED ENTRY--PERSONAL NAME
Personal name Bugarin, Randy B.
Relator term author.
9 (RLIN) 62120
942 ## - ADDED ENTRY ELEMENTS (KOHA)
Source of classification or shelving scheme Dewey Decimal Classification
Koha item type Periodicals
Holdings
Withdrawn status Lost status Source of classification or shelving scheme Damaged status Not for loan Collection code Home library Current library Date acquired Total Checkouts Date last seen Price effective from Koha item type Public note
    Dewey Decimal Classification     Periodicals UM Digos College - LIC UM Digos College - LIC 10/03/2024   10/03/2024 10/03/2024 Periodicals Periodical Article